00434 a2200181 4500260001000000630003900010650002600049100002000075260002200095245002400117300000900141650004700150260000900197300000900206100000700215037001200222020001800234 aParis a33 - Economie - Economie politique a3 - SCIENCES SOCIALES aFourastié, J. bDalloz économie a40 ans de recherche a165p aFourastié, Jean : recherche : économie c1978 b23cm lFr aDE 1798 a2-247-00913-1